Tilastot visalle Yksikirjaimiset roomalaiset numerot

Klikkaa tästä pelataksesi tätä visaa!

Yleistilastot

  • Tätä visaa on pelattu 60 kertaa
  • Keskiarvotulos 6 / 7

Vastaustilastot

numeroroomalainen numero% Oikein
1I
100%
5V
90%
10X
90%
100C
83%
50L
80%
1000M
80%
500D
73%

Tulosjakauma

Persentiili vastausten määrän mukaan

Jokaisen tuloksen saaneiden osuus

Tuloshistoriasi

Et ole pelannut tätä visaa